Score 0/15 Timer 01:00
3 Plays Today
% Correct
Dump
94.9%
Gump
92.6%
Hump
91.8%
Lump
91%
Grump
88.8%
Rump
88.2%
Plump
86.4%
Ump
85.5%
% Correct
Pump
85.1%
Thump
82.9%
Slump
82.3%
Stump
79.5%
Jump
77.3%
Sump
75.9%
Chump
67.5%

Today's Daily Dose

Remove Ads.
Support Sporcle.
Get the best of Sporcle when you Go Orange. This ad-free experience offers more features, more stats, and more fun while also helping to support Sporcle. Thank you for becoming a member.

You're not logged in!

Compare scores with friends on all Sporcle quizzes.
OR
Log In

Show Comments

Extras

Top Quizzes Today


Score Distribution

Your Account Isn't Verified!

In order to create a playlist on Sporcle, you need to verify the email address you used during registration. Go to your Sporcle Settings to finish the process.

Report this User

Report this user for behavior that violates our Community Guidelines.

Details: